Dinosaurs / (Record no. 47861)
| 000 -LEADER | |
|---|---|
| fixed length control field | 00291nam a2200121 4500 |
| 020 ## - INTERNATIONAL STANDARD BOOK NUMBER | |
| International Standard Book Number | 9788119307104 |
| 245 ## - TITLE STATEMENT | |
| Title | Dinosaurs / |
| 260 ## - PUBLICATION, DISTRIBUTION, ETC. (IMPRINT) | |
| Place of publication, distribution, etc | India |
| Name of publisher, distributor, etc | Wilco Books |
| Date of publication, distribution, etc | 2024 |
| 300 ## - PHYSICAL DESCRIPTION | |
| Extent | 64 p. |
| Other physical details | col. ill. |
| Dimensions | 28 cm. |
| 490 ## - SERIES STATEMENT | |
| Series statement | Universal Knowledge Library |
| 650 ## - SUBJECT ADDED ENTRY--TOPICAL TERM | |
| Topical term or geographic name as entry element | Dinosaurs |
| 942 ## - ADDED ENTRY ELEMENTS (KOHA) | |
| Source of classification or shelving scheme | |
| Koha item type | Book |
| Withdrawn status | Lost status | Source of classification or shelving scheme | Damaged status | Not for loan | Collection code | Home library | Current library | Shelving location | Date acquired | Total Checkouts | Full call number | Barcode | Checked out | Date last seen | Date checked out | Price effective from | Koha item type |
|---|---|---|---|---|---|---|---|---|---|---|---|---|---|---|---|---|---|
| Non-Fiction | Asian Hope Early Years Library | Asian Hope Early Years Library | Non Fiction | 11/18/2024 | 21 | 567 DIN | 211330 | 04/28/2026 | 04/28/2026 | 04/28/2026 | 11/18/2024 | Book |